A II. kerületben Társadalmi munka - 262 ezer forint /
Elmentve itt :
| Szerző: | |
|---|---|
| Dokumentumtípus: | Cikk |
| Megjelent: |
1970-05-31
|
| Sorozat: | Délmagyarország
60 No. 126 |
| Kulcsszavak: | Városfejlesztés építkezés 1970, Társadalmi munka lakossági Szeged 1970, társadalmi munka |
| Online Access: | http://dmarchiv.bibl.u-szeged.hu/72393 |
| LEADER | 00560nab a2200157 i 4500 | ||
|---|---|---|---|
| 001 | delm72393 | ||
| 005 | 20180928082555.0 | ||
| 008 | 180928s1970 hu o 0|| hun d | ||
| 040 | |a SZTE Délmagyarország Archívum |b hun | ||
| 041 | |a hun | ||
| 100 | 1 | |a Szávay István | |
| 245 | 1 | 2 | |a A II. kerületben |h [elektronikus dokumentum] : |b Társadalmi munka - 262 ezer forint / |c Szávay István |
| 260 | |c 1970-05-31 | ||
| 300 | |a 5 | ||
| 490 | 0 | |a Délmagyarország |v 60 No. 126 | |
| 695 | |a Városfejlesztés építkezés 1970, Társadalmi munka lakossági Szeged 1970, társadalmi munka | ||